00622cam a22002411 4500001001300000003000400013005001700017008004100034010001700075025001900092035002000111040002100131042001200152050001800164100003700182245002200219260001100241300002400252500001400276504002600290650004700316999001700363sa 67006044 DLC20260227112403.0950222s1965 ii b 000 0 tamo  asa 67006044  aPL480:I-T-1677 a(OCoLC)32036175 aDLCcCUdCUdDLC apremarc00aPL4758.2b.S90 aCuntara Caṇmukan̲ār,d1922-10aIn̲pa vāl̲vu. c[1965] a161, [1] p.c18 cm. aIn Tamil. aBibliography: p.[162] 0aLove poetry, TamilxHistory and criticism. c75639d75639